Catálogo
 En Linea

El Santuario de Juno en GABII : (Registro nro. 41405)

Detalles MARC
000 -CABECERA
campo de control de longitud fija 00906nam a2200229 a 4500
001 - NÚMERO DE CONTROL
campo de control 000041916
005 - FECHA Y HORA DE LA ÚLTIMA TRANSACCIÓN
campo de control 20201002035829.0
008 - DATOS DE LONGITUD FIJA--INFORMACIÓN GENERAL
campo de control de longitud fija 131022s1982 sp 000 0 spa d
020 ## - NÚMERO INTERNACIONAL ESTÁNDAR DEL LIBRO
Número Internacional Estándar del Libro 8400054156
040 ## - FUENTE DE LA CATALOGACIÓN
Centro catalogador/agencia de origen DO-SdBNP
Lengua de catalogación spa
Centro/agencia transcriptor BNPHU
245 03 - MENCIÓN DE TÍTULO
Título El Santuario de Juno en GABII :
Resto del título Excavaciones 1956-1969 /
Mención de responsabilidad, etc. dirigido y editado por Martín Almagro Basch, Alberto Baul Iliana.
260 ## - PUBLICACIÓN, DISTRIBUCIÓN, ETC.
Lugar de publicación, distribución, etc. Roma :
Nombre del editor, distribuidor, etc. Escuela Española de Historia y Arqueología,
Fecha de publicación, distribución, etc. 1982.
300 ## - DESCRIPCIÓN FÍSICA
Extensión 624 p., ( LXXX) p. de lám : ;
Dimensiones 32 cm.
490 1# - MENCIÓN DE SERIE
Mención de serie Bibliotheca italica
Designación de volumen o secuencia 17
500 ## - NOTA GENERAL
Nota general Análisis de los hallasgo
500 ## - NOTA GENERAL
Nota general Incluye índice
504 ## - NOTA DE BIBLIOGRAFÍA, ETC.
Nota de bibliografía, etc. Incluye referencias bibliográficas y notas al pie de las páginas
700 1# - PUNTO DE ACCESO ADICIONAL--NOMBRE DE PERSONA
Nombre de persona Almagro Basch, Martín
9 (RLIN) 68810
700 1# - PUNTO DE ACCESO ADICIONAL--NOMBRE DE PERSONA
Nombre de persona Baul Iliana, Alberto
9 (RLIN) 68811
710 2# - PUNTO DE ACCESO ADICIONAL--NOMBRE DE ENTIDAD CORPORATIVA
Nombre de entidad corporativa o nombre de jurisdicción como elemento de entrada Escuela espñola de historia y arqueología en Roma
9 (RLIN) 68812
830 #0 - PUNTO DE ACCESO ADICIONAL DE SERIE-TÍTULO UNIFORME
Título uniforme Bibliotheca italica
-- 17
9 (RLIN) 68813
Existencias
Estado de retiro Estado de pérdida Restricciones de uso No para préstamo Código de colección Localización permanente Ubicación/localización actual Ubicación en estantería Fecha de adquisición Número de inventario Total de préstamos Signatura topográfica completa Código de barras Fecha visto por última vez Precio válido a partir de Tipo de ítem Koha
      Excluido de préstamo Monografías: Libros y Folletos General General En catalogación 22.10.2013 LF1   41916-10 25.06.2020 25.06.2020 No se presta

Con tecnología Koha